| 000 | 00509nam a2200169 a 4500 | ||
|---|---|---|---|
| 005 | 20140412111404.0 | ||
| 008 | 070330s19uu xx 00 eng d | ||
| 020 | _a1-57990-411-4 | ||
| 050 |
_aREF 591.5'18 _bK78 2003 |
||
| 100 | _aKrautwurst, Terry | ||
| 245 |
_aNight Science for kids : _bExploring the world after dark / _cTerry Krautwurst. |
||
| 260 |
_aChina : _bLark books, _c2003. |
||
| 300 | _a144 | ||
| 650 | _aNight-Juvenile literature | ||
| 650 | _aScience-Juvenile literature | ||
| 999 |
_c105525 _d105525 |
||